[Event "Winter Server Series, S91001"]
[Site "CCLA"]
[Date "2019.02.23"]
[Round "?"]
[White "O'Keefe, Michael J."]
[Black "Edwards, K. E. D. G."]
[Result "1/2-1/2"]
[WhiteElo "2091"]
[BlackElo "2331"]

1. d4 Nf6 2. c4 e6 3. Nc3 Bb4 4. e3 O-O 5. Bd3 d5 6. Nf3 c5 7. O-O cxd4 8.
 exd4 dxc4 9. Bxc4 b6 10. Re1 Bb7 11. Bg5 Nc6 12. a3 Bxc3 13. bxc3 h6 14. 
Bh4 Ne7 15. Bxf6 gxf6 16. Bd3 Rc8 17. Qd2 Kg7 18. Re3 Nd5 19. Re4 f5 20. 
Rh4 Qf6 21. Rh3 Nxc3 22. Ne5 Rfd8 23. Rg3+ Kf8 24. Bc4 f4 25. Qxc3 fxg3 
26. fxg3 Qg5 27. Rf1 f5 28. Qd3 Bd5 29. Bxd5 Rxd5 30. h4 Qf6 31. Qe3 Kg7 
32. Rf3 Rcd8 33. Rf4 h5 34. a4 a6 35. Qc3 b5 36. axb5 axb5 37. Qc7+ Kg8 
38. Qc3 Rb8 39. Qc6 Rbd8 40. Qb6 R8d6 41. Qa7 Qg7 42. Qa8+ Rd8 43. Qc6 
R5d6 44. Qxb5 Qxg3 45. Qb7 Qg7 46. Qb2 Qh6 47. Qf2 Qf6 48. Qe3 Rd5 49. 
Qg3+ Kh7 50. Nf3 R8d7 51. Kh2 Kh6 52. Qf2 Kh7 53. Ng5+ Kg8 54. Re4 Re7 55.
 Rf4 Rd8 56. Re4 Rd5 57. Kg1 Rb5 58. Re1 Rd5 59. Nf3 Kg7 60. Qg3+ Kh7 61. 
Qb8 Kg7 62. Qg3+ Kf8 63. Qb8+ Re8 64. Qf4 Kg8 65. Kh2 Kh8 66. Rb1 Rd7 67. 
Qe3 Kh7 68. Ng5+ Kg8 69. Rb4 Qd8 70. Kh3 Qa5 71. Rb8 Rdd8 72. Rxd8 Qxd8 
73. Nxe6 f4 74. Qe5 Qe7 75. d5 Qa3+ 76. Kh2 Qg3+ 77. Kg1 Qe3+ 78. Qxe3 
fxe3 79. Kf1 Ra8 80. Ke2 Ra2+ 81. Kxe3 Rxg2 82. Nf4 Rg4 83. Nxh5 Rxh4 84. 
Nf6+ Kf8 1/2-1/2

[Event "Winter Server Series, S91001"]
[Site "CCLA"]
[Date "2019.02.23"]
[Round "?"]
[White "O'Keefe, Michael J."]
[Black "Ziemak, Ken"]
[Result "0-1"]
[WhiteElo "2091"]
[BlackElo "2243"]

1. d4 g6 2. e4 Bg7 3. c4 d6 4. Nc3 e5 5. dxe5 dxe5 6. Qxd8+ Kxd8 7. f4 Be6
8. Nf3 Nd7 9. Be2 h6 10. O-O Ne7 11. Be3 exf4 12. Bxf4 g5 13. Be3 Nc6 14. 
Nb5 Kc8 15. Nfd4 a6 16. Nxe6 fxe6 17. Nc3 Nd4 18. Bd1 Be5 19. Rf7 Nf6 20. 
g3 b6 21. Kg2 Rd8 22. Re7 Rd6 23. Ba4 Nc6 24. Bxc6 Rxc6 25. c5 bxc5 26. 
Na4 Rb8 27. Rc1 c4 28. Rc2 Kd8 29. Rg7 Rb4 30. Nc3 Ng4 31. Rg8+ Ke7 32. 
Bd2 Bxc3 33. bxc3 Rb1 34. Bc1 Ne5 35. Rh8 Nd3 36. Ba3+ Kf7 37. Rf8+ Kg6 
38. Re2 e5 39. Rg8+ Kh5 40. Rf8 Rcb6 41. h3 c5 42. Kh2 Rd1 43. Rc8 Rb5 44.
 Rc6 g4 45. hxg4+ Kxg4 46. Kg2 Ra5 47. Bxc5 Nxc5 48. Rxh6 Ra1 49. a4 R1xa4
50. Rh4+ Kg5 0-1

[Event "Winter Server Series, S91001"]
[Site "CCLA"]
[Date "2019.02.23"]
[Round "?"]
[White "O'Keefe, Michael J."]
[Black "Jones, Jan"]
[Result "0-1"]
[WhiteElo "2091"]
[BlackElo "2215"]

1. d4 f5 2. e4 fxe4 3. Nc3 Nf6 4. f3 d5 5. fxe4 dxe4 6. Bg5 Bf5 7. Nge2 e6
8. Ng3 Be7 9. Bb5+ c6 10. Bc4 Nbd7 11. O-O Nb6 12. Bb3 Qd7 13. Qe1 Nbd5 
14. Ngxe4 Nxe4 15. Nxe4 Bxe4 16. Bxe7 Bxg2 17. Qe5 Qxe7 18. Kxg2 O-O-O 19.
 Rae1 Rhe8 20. c3 g5 21. a3 Qd7 22. a4 h6 23. a5 a6 24. Rf3 Qh7 25. Rff1 
Rd7 26. Rf2 Rde7 27. Bc2 Qg8 28. Kh1 Rf7 29. Ref1 Rxf2 30. Rxf2 Nf4 31. 
Rf1 Qf7 32. Rf3 Rd8 33. Bb3 Kd7 34. Bc2 Qe7 35. Be4 Rf8 36. Bc2 h5 37. c4 
h4 38. Re3 Qf7 39. Rb3 Kc8 40. Rf3 Qf6 41. Qxf6 Rxf6 42. c5 Kd8 43. Re3 g4
44. Bd3 Nd5 45. Re4 Rf3 46. Be2 Re3 47. Re5 Rxe5 48. dxe5 g3 49. hxg3 hxg3
0-1

[Event "Winter Server Series, S91002"]
[Site "CCLA"]
[Date "2019.02.23"]
[Round "?"]
[White "Quirk, Michael"]
[Black "Beavan, Robert"]
[Result "1/2-1/2"]
[WhiteElo "2076"]
[BlackElo "2049"]

1. e4 c6 2. d4 d5 3. Nc3 dxe4 4. Nxe4 Bf5 5. Ng3 Bg6 6. N1e2 Nf6 7. Nf4 e5
8. Nxg6 hxg6 9. dxe5 Qa5+ 10. Bd2 Qxe5+ 11. Qe2 Nbd7 12. Qxe5+ Nxe5 13. 
O-O-O O-O-O 14. h3 Bc5 15. f4 Ned7 16. Bc4 Rhf8 17. Rhf1 b5 18. Bd3 Rfe8 
19. Rf3 Kb7 20. b4 Bd6 21. c4 a6 22. Kc2 Bc7 23. Be3 Nb6 24. Bxb6 Bxb6 25.
 a3 bxc4 26. Bxc4 Rxd1 27. Kxd1 Re7 28. Ne2 Ne4 29. Rb3 Nd6 30. Bd3 Be3 
31. Kc2 g5 32. f5 f6 33. Nc3 Re5 34. g4 Nb5 35. Bxb5 cxb5 36. Kd3 Bb6 37. 
Ne4 Rd5+ 38. Kc2 Rd4 39. Ng3 Rd7 40. Rd3 Rxd3 41. Kxd3 Kc6 42. Nh5 Kd5 43.
 Nxg7 Bc7 44. Ne6 Bd6 45. Kd2 Kc4 46. Kc2 Kd5 47. Kd3 Ke5 48. Nc5 Bxc5 49.
 bxc5 Kd5 50. h4 gxh4 51. g5 h3 52. g6 h2 53. g7 h1=Q 54. g8=Q+ Kxc5 55. 
Qf8+ Kb6 56. Qxf6+ Kb7 57. Qf8 Qd5+ 58. Ke3 Qe5+ 59. Kf3 a5 60. f6 1/2-1/2

[Event "Winter Server Series, S91002"]
[Site "CCLA"]
[Date "2019.02.23"]
[Round "?"]
[White "Quirk, Michael"]
[Black "Thomas, Gerald K."]
[Result "1-0"]
[WhiteElo "2076"]
[BlackElo "1799"]

1. d4 Nf6 2. c4 c5 3. d5 e6 4. Nc3 exd5 5. cxd5 d6 6. e4 g6 7. Bd3 Bg7 8. 
h3 O-O 9. Nf3 a6 10. a4 Re8 11. O-O Nbd7 12. Re1 Ne5 13. Nxe5 Rxe5 14. a5 
Bd7 15. Bf4 Rh5 16. Be2 Rh4 17. Bg5 Rxh3 18. gxh3 Bxh3 19. Qc1 Qd7 20. Qf4
Bg4 21. Bxf6 Bxe2 22. Rxe2 Bxf6 23. Qxf6 Qg4+ 24. Kh2 Qh5+ 25. Kg3 g5 26. 
Qxd6 Qh4+ 27. Kg2 Qg4+ 28. Qg3 Qh5 29. Rh1 Qg6 30. d6 1-0

[Event "Winter Server Series, S91002"]
[Site "CCLA"]
[Date "2019.02.23"]
[Round "?"]
[White "Quirk, Michael"]
[Black "Clancey, James"]
[Result "1-0"]
[WhiteElo "2076"]
[BlackElo "1913"]

1. d4 d5 2. c4 e6 3. Nc3 Nf6 4. cxd5 exd5 5. Bg5 c6 6. e3 Be7 7. Bd3 Nbd7 
8. Qc2 b5 9. Nf3 O-O 10. O-O Re8 11. Ne2 Bb7 12. Rfc1 g6 13. Nd2 Bd6 14. 
a4 Rc8 15. axb5 cxb5 16. Qb3 a6 17. Rxc8 Bxc8 18. Nf3 Bb7 19. Rc1 Bf8 20. 
Qa2 Qb6 21. Bf4 Rc8 22. Rxc8 Bxc8 23. h3 Bb7 24. Ng3 Ne4 25. Nxe4 dxe4 26.
 Ng5 Qf6 27. Bxe4 Bxe4 28. Nxe4 Qb6 29. Qd5 Nf6 30. Nxf6+ Qxf6 31. g4 Qe6 
32. Qa8 Kg7 33. d5 Qf6 34. Bh6+ Kxh6 35. Qxf8+ Kg5 36. d6 Qe6 37. Qe7+ Qf6
38. h4+ 1-0

[Event "Winter Server Series, S91002"]
[Site "CCLA"]
[Date "2019.02.23"]
[Round "?"]
[White "Beavan, Robert"]
[Black "Quirk, Michael"]
[Result "0-1"]
[WhiteElo "2049"]
[BlackElo "2076"]

1. c4 e5 2. Nc3 Nf6 3. Nf3 Nc6 4. e3 Bb4 5. Qc2 d6 6. Nd5 Ba5 7. a3 Nxd5 
8. cxd5 Ne7 9. Bb5+ Bd7 10. Bxd7+ Qxd7 11. e4 f5 12. O-O c6 13. dxc6 Qxc6 
14. Qxc6+ bxc6 15. d3 h6 16. Bd2 Bb6 17. Bc3 Kd7 18. g3 g5 19. Kg2 Raf8 
20. Nd2 Ng6 21. Nc4 Ke6 22. Nxb6 axb6 23. a4 fxe4 24. dxe4 d5 25. exd5+ 
cxd5 26. Rfe1 Rf6 27. a5 bxa5 28. Rxa5 g4 29. h4 h5 30. Bd2 Rhf8 31. Ra6+ 
Kf5 32. Rxf6+ Rxf6 33. b4 Rb6 34. Rb1 Ke4 35. b5 Nh8 36. Ba5 Rb7 37. b6 
Nf7 38. Re1+ Kf5 39. Rc1 Nd6 40. Rc7 Rxc7 41. bxc7 e4 42. Bb4 Nc8 43. Bc3 
Ke6 44. Bd2 Kd7 0-1

[Event "Winter Server Series, S91002"]
[Site "CCLA"]
[Date "2019.02.23"]
[Round "?"]
[White "Beavan, Robert"]
[Black "Thomas, Gerald K."]
[Result "1-0"]
[WhiteElo "2049"]
[BlackElo "1799"]

1. c4 e5 2. Nc3 Nf6 3. Nf3 Nc6 4. e3 d5 5. cxd5 Nxd5 6. Bb5 Nxc3 7. bxc3 
Bd6 8. d4 e4 9. Nd2 f5 10. O-O Be6 11. Nc4 a6 12. Nxd6+ Qxd6 13. Be2 b5 
14. a4 b4 15. cxb4 Nxb4 16. Ba3 a5 17. Rc1 O-O 18. Rc5 Nd3 19. Bxd3 exd3 
20. Rc3 Qd7 21. Bxf8 Kxf8 22. Qxd3 c6 23. Rc5 Qc8 24. Rfc1 Ra6 25. d5 1-0

[Event "Winter Server Series, S91002"]
[Site "CCLA"]
[Date "2019.02.23"]
[Round "?"]
[White "Beavan, Robert"]
[Black "Clancey, James"]
[Result "1-0"]
[WhiteElo "2049"]
[BlackElo "1913"]

1. c4 c5 2. Nf3 Nf6 3. Nc3 d5 4. cxd5 Nxd5 5. e3 Nc6 6. Bc4 e6 7. O-O Be7 
8. d4 O-O 9. Re1 Nf6 10. dxc5 Bxc5 11. a3 a6 12. b4 b5 13. Bxb5 axb5 14. 
bxc5 Qe7 15. Qd6 b4 16. Qxe7 Nxe7 17. Nb5 Nc6 18. Bb2 bxa3 19. Bxf6 Ra5 
20. Nbd4 gxf6 21. Nxc6 1-0

[Event "Winter Server Series, S91002"]
[Site "CCLA"]
[Date "2019.02.23"]
[Round "?"]
[White "Thomas, Gerald K."]
[Black "Quirk, Michael"]
[Result "0-1"]
[WhiteElo "1799"]
[BlackElo "2076"]

1. e4 e5 2. Nf3 Nc6 3. Bb5 a6 4. Ba4 Nf6 5. d3 Bc5 6. O-O d6 7. h3 O-O 8. 
c3 Ba7 9. Re1 Ne7 10. Be3 Bxe3 11. Rxe3 Ng6 12. Nbd2 Nf4 13. Nf1 N6h5 14. 
Ng3 Nxg3 15. fxg3 Nh5 16. Qe1 Be6 17. c4 Qe7 18. Bd1 Nf6 19. Qb4 a5 20. 
Qc3 Nd7 21. g4 Qf6 22. Qd2 Nc5 23. b3 Bd7 24. Rb1 Rfe8 25. Rb2 a4 26. Rb1 
axb3 27. axb3 Ne6 28. Re2 b5 29. Rb2 Ra1 30. Rf2 Qf4 31. Qe1 Nc5 32. Qd2 
Qxd2 33. Rfxd2 bxc4 34. Ra2 Rxa2 35. Rxa2 cxb3 36. Rb2 Rb8 37. Be2 Na4 0-1

[Event "Winter Server Series, S91002"]
[Site "CCLA"]
[Date "2019.02.23"]
[Round "?"]
[White "Thomas, Gerald K."]
[Black "Beavan, Robert"]
[Result "0-1"]
[WhiteElo "1799"]
[BlackElo "2049"]

1. e4 c6 2. Nc3 d5 3. exd5 cxd5 4. Bb5+ Bd7 5. Bxd7+ Qxd7 6. d4 e6 7. Nf3 
Nc6 8. Bf4 Bd6 9. Ne5 Bxe5 10. dxe5 Nge7 11. Bg3 Nf5 12. Ne2 Nxg3 13. Nxg3
Nxe5 14. Qd4 f6 15. O-O-O Nc6 16. Qg4 O-O 17. Qa4 a6 18. Ne4 b5 19. Qa3 
Qe7 20. Qxe7 Nxe7 21. Nc5 Kf7 22. b4 Nc6 23. Nd3 d4 24. a3 e5 25. f3 Rfc8 
26. Kb2 a5 27. Rhe1 axb4 28. axb4 Ra4 29. Ra1 Nxb4 30. Rxa4 Nxd3+ 31. cxd3
bxa4 32. Rc1 a3+ 0-1

[Event "Winter Server Series, S91002"]
[Site "CCLA"]
[Date "2019.02.23"]
[Round "?"]
[White "Thomas, Gerald K."]
[Black "Clancey, James"]
[Result "0-1"]
[WhiteElo "1799"]
[BlackElo "1913"]

1. c4 e5 2. Nc3 Nf6 3. e4 Bb4 4. Nf3 Nc6 5. Nd5 Bc5 6. d3 d6 7. h3 Nxd5 8.
 cxd5 Nd4 9. Nxd4 Bxd4 10. Be2 f5 11. Bh5+ g6 12. O-O f4 13. Bg4 h5 14. 
Be2 O-O 15. Rb1 Qh4 16. Bf3 g5 17. Bxh5 g4 18. Bxg4 Kh7 19. Bxc8 Raxc8 20.
 Qf3 Rf6 21. Qg4 Qxg4 22. hxg4 Rg8 23. Bd2 Rxg4 24. Bc3 Rfg6 25. Bxd4 exd4
26. f3 Rxg2+ 27. Kh1 Rd2 28. Rfd1 Rh6+ 29. Kg1 Rdh2 30. Rf1 Rh1+ 31. Kf2 
R6h2+ 0-1

[Event "Winter Server Series, S91002"]
[Site "CCLA"]
[Date "2019.02.23"]
[Round "?"]
[White "Clancey, James"]
[Black "Quirk, Michael"]
[Result "0-1"]
[WhiteElo "1913"]
[BlackElo "2076"]

1. e4 e5 2. Nf3 Nc6 3. Bc4 Bc5 4. c3 Nf6 5. d3 a6 6. Bb3 Ba7 7. O-O O-O 8.
 Nbd2 d5 9. h3 dxe4 10. dxe4 Qe7 11. Nh2 Rd8 12. Qc2 Na5 13. Re1 Nxb3 14. 
Nxb3 Be6 15. Be3 Bxe3 16. Rxe3 a5 17. Nf3 a4 18. Nc1 Nd7 19. Nd3 f6 20. 
Nh4 Qf7 21. Nf5 Kh8 22. Qe2 Bxa2 23. Rg3 g6 24. Nh6 Qe6 25. f4 Qb6+ 26. 
Nf2 exf4 27. Rf3 Be6 28. Rxf4 Ne5 29. Rxf6 Kg7 0-1

[Event "Winter Server Series, S91002"]
[Site "CCLA"]
[Date "2019.02.23"]
[Round "?"]
[White "Clancey, James"]
[Black "Beavan, Robert"]
[Result "0-1"]
[WhiteElo "1913"]
[BlackElo "2049"]

1. e4 c6 2. d4 d5 3. exd5 cxd5 4. c4 Nf6 5. Nc3 Nc6 6. Nf3 Bg4 7. Be2 e6 
8. O-O Be7 9. cxd5 Nxd5 10. Be3 O-O 11. Rc1 Rc8 12. Re1 Nxe3 13. fxe3 a6 
14. a3 b5 15. a4 Bxf3 16. Bxf3 bxa4 17. Nxa4 Nb4 18. Rxc8 Qxc8 19. Qb3 Qc2
20. Bd1 Qxb3 21. Bxb3 Rc8 22. Nc3 Nd3 23. Re2 Nc1 24. Bd1 Nxe2+ 25. Bxe2 
Rb8 26. Nd1 a5 27. Bc4 a4 28. Kf2 a3 29. bxa3 Bxa3 30. Kf3 Rc8 31. Bd3 g6 
32. Nf2 Bd6 33. h3 f5 34. g4 Kf7 35. e4 fxg4+ 36. Nxg4 h5 37. Nf2 e5 38. 
dxe5 Bxe5 39. Ke3 Kf6 0-1

[Event "Winter Server Series, S91002"]
[Site "CCLA"]
[Date "2019.02.23"]
[Round "?"]
[White "Clancey, James"]
[Black "Thomas, Gerald K."]
[Result "1-0"]
[WhiteElo "1913"]
[BlackElo "1799"]

1. e4 e6 2. d4 d5 3. g3 dxe4 4. Bg2 f5 5. Nc3 Nf6 6. Bf4 Bd6 7. Qd2 h6 8. 
Nge2 Nc6 9. f3 exf3 10. Bxf3 O-O 11. O-O-O Bxf4 12. Qxf4 Qd6 13. Nb5 Qxf4+
14. Nxf4 Rf7 15. d5 exd5 16. Nxd5 Nxd5 17. Bxd5 Kf8 18. Bxf7 Kxf7 19. Nxc7
Rb8 20. Nb5 Be6 21. a3 a6 22. Nc3 Ne7 23. Rhe1 Kf6 24. Rd6 Nc6 25. Rexe6+ 
Kf7 26. Re2 Nd8 27. Rb6 Nc6 28. Na4 Kf6 29. Nc5 Kf7 30. Rxb7+ Rxb7 31. 
Nxb7 Nd4 32. Re5 Kf6 33. Re8 Nb5 34. Nc5 Nc7 35. Rd8 Nb5 36. Nxa6 Ke7 37. 
Rd5 Nd6 38. Rc5 Ke6 39. Nb4 Kd7 40. Nd3 Ke6 41. a4 Kd7 42. a5 1-0

[Event "Winter Server Series, S91003"]
[Site "CCLA"]
[Date "2019.02.23"]
[Round "?"]
[White "Haase, F. Philip"]
[Black "Cacas, Alexander"]
[Result "1-0"]
[WhiteElo "1940"]
[BlackElo "1705"]

1. e4 c5 2. Nf3 d6 3. d4 cxd4 4. Nxd4 Nf6 5. Nc3 g6 6. Be2 Bg7 7. O-O O-O 
8. Be3 Nc6 9. h3 Bd7 10. Nf3 Rc8 11. Qd2 a6 12. Rfd1 b5 13. a3 Qc7 14. 
Rac1 Na5 15. Bf4 Nc4 16. Bxc4 Qxc4 17. e5 Ne8 18. Nd5 Rb8 19. b3 Qc5 20. 
Be3 Qxa3 21. Nxe7+ Kh8 22. Ra1 1-0

[Event "Winter Server Series, S91003"]
[Site "CCLA"]
[Date "2019.02.23"]
[Round "?"]
[White "Haase, F. Philip"]
[Black "Anderson, Clarence"]
[Result "1-0"]
[WhiteElo "1940"]
[BlackElo "1811"]

1. e4 g6 2. Nf3 Bg7 3. d4 d6 4. Be2 Nf6 5. Nc3 O-O 6. O-O a6 7. h3 Nc6 8. 
Be3 b5 9. d5 Nb8 10. b4 Bb7 11. a4 bxa4 12. Rxa4 c6 13. Qd3 cxd5 14. Nxd5 
e6 15. Nxf6+ Bxf6 16. Rd1 Qc7 17. c4 Rd8 18. Bf4 e5 19. Bg5 Bxg5 20. Nxg5 
Nc6 21. Nf3 Rac8 22. Qe3 Ne7 23. h4 Qc6 24. b5 axb5 25. cxb5 Qxe4 26. Rxe4
1-0

[Event "Winter Server Series, S91003"]
[Site "CCLA"]
[Date "2019.02.23"]
[Round "?"]
[White "Haase, F. Philip"]
[Black "Shannon, Paul D."]
[Result "1-0"]
[WhiteElo "1940"]
[BlackElo "1771"]

1. e4 e6 2. d4 c5 3. Nc3 cxd4 4. Qxd4 Nc6 5. Qd3 a6 6. a3 Nf6 7. Nf3 Qc7 
8. g3 d6 9. Bg2 Be7 10. O-O O-O 11. Rd1 Rd8 12. Qe2 Bd7 13. h3 Rac8 14. 
Be3 b5 15. Nd2 Na5 16. f4 Bc6 17. g4 d5 18. Qf2 Rb8 19. b4 Nc4 20. Nxc4 
dxc4 21. Rxd8+ Bxd8 22. Rd1 a5 23. e5 Bxg2 24. Kxg2 Ne8 25. Ba7 Rb7 26. 
Bc5 axb4 27. axb4 Be7 28. Ne4 Qc6 29. Qf3 Kf8 30. Rd8 Bxc5 31. bxc5 Re7 
32. Nd6 Qxc5 33. f5 Qd5 34. f6 Qd2+ 35. Qf2 Qd5+ 36. Kg1 1-0

[Event "Winter Server Series, S91003"]
[Site "CCLA"]
[Date "2019.02.23"]
[Round "?"]
[White "Cacas, Alexander"]
[Black "Haase, F. Philip"]
[Result "0-1"]
[WhiteElo "1705"]
[BlackElo "1940"]

1. d4 d5 2. c4 e6 3. Nc3 c5 4. cxd5 exd5 5. Nf3 Nc6 6. g3 Nf6 7. Bg2 Be7 
8. O-O O-O 9. Bg5 c4 10. Ne5 Be6 11. Nxc6 bxc6 12. b3 Rc8 13. bxc4 dxc4 
14. Qd2 Bb4 15. Rab1 a5 16. Rfd1 h6 17. Bxf6 Qxf6 18. Ne4 Qe7 19. Qf4 f5 
20. Nc5 c3 21. Ra1 Bd5 22. Bxd5+ cxd5 23. Qf3 c2 24. Rdc1 Bxc5 25. Qxd5+ 
Kh7 26. dxc5 Rxc5 27. Qf3 Qe6 28. Qd3 Rfc8 29. e3 Rc3 30. Qe2 R8c5 31. Qd2
Qc4 32. Qd4 Qxd4 33. exd4 R5c4 34. d5 Rd3 35. Kf1 Rd2 36. Kg2 Rcd4 37. a4 
Rd1 38. Kf3 Rxd5 39. Ke2 Re5+ 0-1

[Event "Winter Server Series, S91003"]
[Site "CCLA"]
[Date "2019.02.23"]
[Round "?"]
[White "Anderson, Clarence"]
[Black "Haase, F. Philip"]
[Result "0-1"]
[WhiteElo "1811"]
[BlackElo "1940"]

1. f4 d5 2. Nf3 Bf5 3. g3 e6 4. Bg2 h6 5. d3 Nf6 6. e3 c6 7. Qe2 Be7 8. 
Nbd2 O-O 9. Ne5 Nbd7 10. Ndf3 Nxe5 11. Nxe5 Bd6 12. g4 Bxe5 13. gxf5 Bd6 
14. fxe6 fxe6 15. Bd2 e5 16. fxe5 Bxe5 17. O-O-O Qb6 18. c3 Kh8 19. Bh3 c5
20. Rhg1 Rae8 21. Rdf1 Qc7 22. Rg2 d4 23. e4 c4 24. dxc4 dxc3 25. Bxc3 
Bxc3 26. bxc3 b5 27. Bf5 bxc4 28. Bg6 Rb8 29. e5 Qa5 30. Qc2 Qxe5 31. Rf5 
Qe1+ 0-1

[Event "Winter Server Series, S91003"]
[Site "CCLA"]
[Date "2019.02.23"]
[Round "?"]
[White "Shannon, Paul D."]
[Black "Haase, F. Philip"]
[Result "0-1"]
[WhiteElo "1771"]
[BlackElo "1940"]

1. e4 c5 2. Nc3 Nc6 3. f4 e6 4. Nf3 a6 5. g3 h5 6. d3 Be7 7. Bd2 d5 8. e5 
Nh6 9. Bh3 O-O 10. Ne2 b5 11. c3 a5 12. d4 b4 13. O-O Ba6 14. Re1 Ng4 15. 
Rc1 Qb6 16. b3 Rac8 17. dxc5 Bxc5+ 18. Ned4 Bd3 19. Bg2 Nxd4 0-1

[Event "Winter Server Series, S91003"]
[Site "CCLA"]
[Date "2019.02.23"]
[Round "?"]
[White "Cacas, Alexander"]
[Black "Anderson, Clarence"]
[Result "0-1"]
[WhiteElo "1705"]
[BlackElo "1811"]

1. e4 g6 2. d4 Bg7 3. Nc3 c6 4. f4 d5 5. e5 Nh6 6. Nf3 f6 7. Bd3 Bg4 8. h3
Bxf3 9. Qxf3 O-O 10. Qe2 fxe5 11. fxe5 e6 12. Be3 Nf7 13. O-O-O c5 14. Qg4
cxd4 15. Bxd4 Qe7 16. Rde1 Nc6 17. Bg1 Nfxe5 18. Qe2 Nxd3+ 19. cxd3 Rae8 
20. g4 Qb4 21. Qd2 Ne5 22. Qe2 Nf3 23. Rd1 Nxg1 24. Rhxg1 Bxc3 25. bxc3 
Qxc3+ 26. Kb1 Rf4 0-1

[Event "Winter Server Series, S91003"]
[Site "CCLA"]
[Date "2019.02.23"]
[Round "?"]
[White "Cacas, Alexander"]
[Black "Shannon, Paul D."]
[Result "0-1"]
[WhiteElo "1705"]
[BlackElo "1771"]

1. e4 e6 2. d4 d5 3. Nd2 Nf6 4. e5 Nfd7 5. Bd3 c5 6. c3 Nc6 7. Ne2 cxd4 8.
 cxd4 Qb6 9. Nf3 f6 10. exf6 Nxf6 11. O-O Bd6 12. Re1 O-O 13. Nf4 Bd7 14. 
Nxe6 Rfe8 15. Bf5 Bb4 16. Bd2 Bxd2 17. Qxd2 Ne7 18. Nxg7 Nxf5 19. Nxe8 
Bxe8 20. Qg5+ Bg6 21. h4 Ne4 22. Rxe4 dxe4 23. Ne5 Qd8 24. Nxg6 Qxg5 25. 
hxg5 hxg6 26. Rd1 Rd8 27. d5 Kf7 28. Rc1 Rd7 29. Rc3 Ke7 30. Rh3 Kd6 31. 
g4 Ne7 0-1

[Event "Winter Server Series, S91003"]
[Site "CCLA"]
[Date "2019.02.23"]
[Round "?"]
[White "Anderson, Clarence"]
[Black "Cacas, Alexander"]
[Result "1-0"]
[WhiteElo "1811"]
[BlackElo "1705"]

1. f4 d5 2. Nf3 Nf6 3. g3 c5 4. Bg2 Nc6 5. O-O g6 6. d3 Bg7 7. c3 O-O 8. 
Na3 a6 9. Qe1 Qc7 10. e4 dxe4 11. dxe4 Be6 12. e5 Ne8 13. Be3 Rc8 14. Qf2 
b6 15. b4 Nb8 16. bxc5 bxc5 17. Ng5 Bf5 18. Rfd1 h6 19. Ne4 Bxe4 20. Bxe4 
Nc6 21. Rd5 c4 22. Rc5 Qd7 23. Nxc4 g5 24. Nb6 1-0

[Event "Winter Server Series, S91003"]
[Site "CCLA"]
[Date "2019.02.23"]
[Round "?"]
[White "Anderson, Clarence"]
[Black "Shannon, Paul D."]
[Result "0-1"]
[WhiteElo "1811"]
[BlackElo "1771"]

1. f4 e5 2. fxe5 d6 3. exd6 Bxd6 4. Nf3 g5 5. d3 g4 6. Nd4 Qh4+ 7. g3 
Bxg3+ 8. hxg3 Qxh1 9. Bf4 Qd5 10. e3 Na6 11. Nc3 Qa5 12. Bg2 Ne7 13. Qd2 
c6 14. O-O-O Be6 15. Nxe6 fxe6 16. Qe2 h5 17. a3 O-O-O 18. Ne4 Nf5 19. d4 
Nc7 20. Be5 Rh6 21. Ng5 Rg6 22. Nh7 h4 23. gxh4 Nxh4 24. Bf6 Nxg2 25. Bxd8
Kxd8 26. Qxg2 g3 27. c4 Qf5 28. Rf1 Qd3 29. Rf8+ Ne8 30. Rf3 Rh6 31. e4 
Qxe4 32. Ng5 Qe1+ 0-1

[Event "Winter Server Series, S91003"]
[Site "CCLA"]
[Date "2019.02.23"]
[Round "?"]
[White "Shannon, Paul D."]
[Black "Cacas, Alexander"]
[Result "1-0"]
[WhiteElo "1771"]
[BlackElo "1705"]

1. e4 c5 2. Nc3 Nc6 3. f4 d6 4. Nf3 g6 5. Bc4 Bg7 6. O-O e6 7. d3 Nge7 8. 
Qe1 O-O 9. f5 exf5 10. Qh4 fxe4 11. dxe4 Ne5 12. Bg5 Nxc4 13. Bxe7 Qe8 14.
 Bxf8 Qxf8 15. Ng5 h6 16. Nxf7 Bf5 17. exf5 Qxf7 18. fxg6 Bd4+ 19. Kh1 
Qxg6 20. Nd5 Qg5 21. Qe4 Nd2 22. Qe6+ Kh8 23. Rf5 Qg7 24. Rf7 Qg5 25. Ne7 
Bg7 26. Rf5 Qg4 27. Rf8+ Bxf8 28. Qxg4 Bxe7 29. Rd1 Rf8 30. Qe2 1-0

[Event "Winter Server Series, S91003"]
[Site "CCLA"]
[Date "2019.02.23"]
[Round "?"]
[White "Shannon, Paul D."]
[Black "Anderson, Clarence"]
[Result "1/2-1/2"]
[WhiteElo "1771"]
[BlackElo "1811"]

1. e4 g6 2. d4 Bg7 3. Nc3 d6 4. f4 Nf6 5. Nf3 c5 6. Bb5+ Bd7 7. e5 Ng4 8. 
h3 Bxb5 9. Nxb5 cxd4 10. Nxd6+ exd6 11. hxg4 dxe5 12. fxe5 Nc6 13. Bf4 O-O
14. Qd2 Re8 15. O-O-O Nxe5 16. Bxe5 Bxe5 17. Nxe5 Rxe5 18. Qh6 Qg5+ 19. 
Qxg5 Rxg5 20. Rxd4 Rc5 21. Rhd1 Rac8 22. Rd8+ Rxd8 23. Rxd8+ Kg7 24. Rd7 
Rg5 25. Rxb7 Rxg4 26. Rxa7 Rxg2 27. b4 h5 28. b5 h4 29. b6 h3 30. b7 h2 
31. b8=Q h1=Q+ 32. Kb2 Qh2 33. Qc7 Rf2 34. Qc3+ Rf6 35. Ra6 Qf2 36. a4 g5 
37. a5 1/2-1/2

[Event "Winter Server Series, S91004"]
[Site "CCLA"]
[Date "2019.02.23"]
[Round "?"]
[White "Ruiz, Glenn"]
[Black "Avery, Bryce"]
[Result "1-0"]
[WhiteElo "1779"]
[BlackElo "1668"]

1. e4 e5 2. f4 exf4 3. Nf3 d6 4. h4 Nf6 5. d4 Be7 6. Bxf4 Nxe4 7. Bd3 Nf6 
8. Nc3 O-O 9. Qd2 Bg4 10. O-O-O Nc6 11. Ne2 a5 12. c3 Be6 13. Bb1 b5 14. 
Bg5 b4 15. Bxf6 bxc3 16. Nxc3 Bxf6 17. d5 Nb4 18. dxe6 fxe6 19. Ng5 Bxg5 
20. hxg5 g6 21. Rh6 d5 22. Rdh1 Qd6 23. a3 Nc6 24. Rxh7 Rf1+ 25. Rxf1 Kxh7
26. Qf4 Qxf4+ 27. Rxf4 Kg7 28. Rf6 1-0

[Event "Winter Server Series, S91004"]
[Site "CCLA"]
[Date "2019.02.23"]
[Round "?"]
[White "Ruiz, Glenn"]
[Black "Walton, John C."]
[Result "0-1"]
[WhiteElo "1779"]
[BlackElo "1908"]

1. e4 c5 2. Nc3 Nc6 3. g3 g6 4. Bg2 Bg7 5. d3 d6 6. Be3 e5 7. Qd2 Nge7 8. 
Bh6 Bxh6 9. Qxh6 Nd4 10. Qd2 Be6 11. Nd5 Nxd5 12. exd5 Bd7 13. c3 Nf5 14. 
Ne2 b5 15. O-O O-O 16. d4 Qb6 17. Rfd1 Rac8 18. dxe5 dxe5 19. b3 c4 20. b4
Nd6 21. Qe3 Qxe3 22. fxe3 a5 23. a3 Ra8 24. Kf2 Ra7 25. e4 Rfa8 26. Rab1 
axb4 27. axb4 Ra2 28. Ke3 f5 29. Re1 fxe4 30. Bxe4 Nxe4 0-1

[Event "Winter Server Series, S91004"]
[Site "CCLA"]
[Date "2019.02.23"]
[Round "?"]
[White "Ruiz, Glenn"]
[Black "Zarges, Ron V."]
[Result "1-0"]
[WhiteElo "1779"]
[BlackElo "1673"]

1. e4 c5 2. Nc3 a6 3. g3 b5 4. Bg2 Bb7 5. a4 b4 6. Nd5 e6 7. Ne3 Qc7 8. d3
Nf6 9. Ne2 Be7 10. O-O d6 11. Nf4 O-O 12. b3 Nbd7 13. Bb2 a5 14. Qe2 Rab8 
15. Rae1 Ne5 16. Nh5 Nxh5 17. Qxh5 Ng6 18. f4 Qd7 19. f5 Ne5 20. Ng4 Nxg4 
21. Qxg4 e5 22. Qe2 f6 23. g4 d5 24. Qf2 dxe4 25. Bxe4 Qe8 26. Qg2 Bxe4 
27. Rxe4 g5 28. h4 h6 29. hxg5 hxg5 30. Re3 Kg7 31. Rh3 Rh8 32. Rff3 Qc6 
33. Qh1 Rxh3 34. Rxh3 Qxh1+ 35. Kxh1 Rh8 36. Rxh8 Kxh8 37. Kg2 Kg8 38. Kf3
Kf8 39. Ke4 Ke8 40. Kd5 Kd7 41. Bc1 Bd8 42. Be3 Bb6 43. Bxc5 Bd8 44. Bf2 
Bc7 45. Kc5 1-0

[Event "Winter Server Series, S91004"]
[Site "CCLA"]
[Date "2019.02.23"]
[Round "?"]
[White "Avery, Bryce"]
[Black "Ruiz, Glenn"]
[Result "1/2-1/2"]
[WhiteElo "1668"]
[BlackElo "1779"]

1. e4 c6 2. Nf3 d5 3. Nc3 Bg4 4. h3 Bh5 5. exd5 cxd5 6. Bb5+ Nc6 7. g4 Bg6
8. Ne5 Rc8 9. d4 e6 10. h4 Bb4 11. h5 Be4 12. f3 Bxc3+ 13. bxc3 Qa5 14. 
Nxc6 bxc6 15. Bxc6+ Rxc6 16. Bd2 Bxc2 17. Qxc2 Qc7 18. Kf2 Ne7 19. h6 g6 
20. Qc1 O-O 21. Bf4 Qa5 22. Bd2 Rc4 23. Qb2 Nc6 24. Rab1 Qc7 25. Qb7 Na5 
26. Qxc7 Rxc7 27. Ke2 1/2-1/2